[Event "FRA-chT Top 16 GpB"]
[Site "France"]
[Date "2009.03.21"]
[Round "2"]
[White "Vaisser, Anatoli"]
[Black "Postny, Evgeny"]
[Result "0-1"]
[WhiteElo "2513"]
[BlackElo "2652"]
[Annotator "Postny,E"]
[PlyCount "74"]
[EventDate "2009.03.20"]
[EventType "team"]
[EventRounds "7"]
[EventCountry "FRA"]
[SourceTitle "CBM 129 Extra"]
[Source "ChessBase"]
[SourceDate "2009.05.05"]
[SourceVersion "2"]
[SourceVersionDate "2009.05.20"]
[SourceQuality "1"]

{This was my second encounter with the experienced grandmaster Anatoli Vaisser.
The first one took place in a simultaneous exhibition which he gave back to
the 80's in my home town in Russia. The current game proved to be far more
exciting!} 1. d4 Nf6 2. c4 e6 3. Nc3 Bb4 4. e3 b6 5. Nge2 c5 6. a3 Ba5 7. Rb1
Na6 ({Another way to defend against b2-b4 is} 7... Qe7) 8. Ng3 Bb7 9. Bd3 $5 {
The most principled continuation. White is ready to sacrifice the Pg2 for an
initiative. The whole line is very sharp.} h5 $5 {Before the game I looked at,
very briefly, a couple of games with this move and I liked it.} (9... Bxg2 10.
Rg1 Bb7 11. Bd2 O-O 12. d5 Ne8 13. Qh5 f5 14. e4 Qe7 15. Kf1 $44 {1/2-1/2
Peralta,F (2524)-Vallejo Pons,F (2666)/Turin 2006/CBM 113 (46)}) 10. h4 {
After a long thought. Vaisser already played this position before, so my
previous move couldn't surprise him. In fact, he didn't know that my
preparation ended around this point...} (10. d5 {This is another critical line.
} exd5 (10... Bxc3+ 11. bxc3 h4 12. Ne4 Nxe4 13. Bxe4 $14) 11. O-O (11. Nf5 Qb8
$1 12. cxd5 (12. O-O $1 {is the improvement that was found later.}) 12... g6
13. Ng3 Nxd5 14. Bd2 Nxc3 15. bxc3 Qe5 16. f4 Qe7 17. Qe2 h4 $1 $17 {1/2-1/2
Vaisser,A (2555)-Serper,G (2590)/Novosibirsk 1993/CBM 036/[Hansen,Cu] (67)})
11... Bxc3 12. bxc3 dxc4 13. Bxc4 Nc7 14. e4 Nxe4 15. Re1 d5 16. Nxe4 dxe4 17.
Qa4+ Kf8 18. Rd1 Qe8 19. Qd7 Ba6 20. Bxa6 Qxd7 21. Rxd7 Nxa6 22. Bf4 c4 23.
Bd6+ Kg8 24. Re1 Re8 25. Rxa7 Rh6 $11 {1/2-1/2 Illescas Cordoba,M (2608)
-Gyimesi,Z (2614)/Turin 2006/CBM 113 (28)}) (10. O-O $6 Bxc3 11. bxc3 h4 12.
Ne2 h3 13. g3 Bf3 {is annoying for White, this is the point of 9...h5.}) 10...
Bxg2 11. Rg1 Bb7 12. d5 {Here I sank into a long period of thought. As I
mentioned before, my preparation for the game wasn't deep at all, so the
forthcoming novelty I figured out over the board.} Ng4 $5 $146 {I tried to
figure out if the inclusion of moves h2-h4 and h7-h5 is useful for me, and I
found an interesting idea, though a risky one.} (12... Bxc3+ 13. bxc3 Qc7 14.
e4 O-O-O 15. Bg5 $6 (15. Qf3 Ng4 16. Be2 Ne5 17. Qe3 $44) 15... Rde8 16. Bxf6
gxf6 17. Qf3 f5 $1 $17 {0-1 Rosmuller,A (2114)-D'Costa,L (2384)/Vlissingen
2007/CBM 119 ext (29)}) 13. Nxh5 Ne5 $1 (13... Rxh5 14. Qxg4 Qxh4 15. Qxg7 $14)
14. Nxg7+ Kf8 {Now White is already a pawn up, but the h-pawn will be captured
in one of the next moves and the knight is stuck on g7.} 15. Be2 (15. Rg5 $5
Bxc3+ 16. bxc3 Nxd3+ 17. Qxd3 Rxh4 18. Rg1 Qf6 19. dxe6 Rh1 20. e7+ Kxe7 21.
Nf5+ Kf8 22. Rxh1 Bxh1 $13) (15. h5 $2 Qf6 16. Be2 Rg8 17. f4 Nxc4 18. Bxc4
Rxg7 $15) 15... exd5 (15... Bxc3+ 16. bxc3 Rg8 $6 (16... exd5 {could lead to
the same position as in the game, but I didn't want to exchange on c3 so early.
}) 17. e4 Qxh4 18. dxe6 Rxg7 19. Qd6+ Qe7 20. Qxe7+ Kxe7 21. Rxg7 $16) 16. cxd5
(16. Nf5 Qf6 17. e4 d4 (17... dxe4 $6 18. Qd6+ $1 (18. Bg5 Qxf5 19. Qd6+ Kg8
20. Qxe5 Qxe5 21. Bf6+ Kh7 22. Rg7+ Kh6 23. Bxe5 Rae8 24. Rg5 Rhg8 25. Rh5+ Kg6
26. Rg5+ $11) 18... Qxd6 19. Nxd6 Bxc3+ 20. bxc3 Bc6 21. Bg5 Rg8 22. Kd2) 18.
Bg5 Qe6 19. b4 (19. Be7+ Qxe7 20. Nxe7 dxc3 21. b4 c2 22. Qxc2 cxb4 {is a
transposition.}) 19... dxc3 20. Be7+ Qxe7 21. Nxe7 c2 22. Qxc2 cxb4 23. axb4
Nxb4 24. Qd1 Kxe7 25. Kf1 $15) 16... Rg8 {It seems that Black jas simply
trapped the knight, but it's not so easy.} 17. e4 (17. Rg5 Rxg7 18. Rxe5 Rg1+
19. Bf1 Qxh4 20. Qh5 Qh1 21. Qxh1 Rxh1 22. Ke2 d6 $15) (17. f4 Qxh4+ 18. Kd2
Rxg7 19. Rxg7 Kxg7 20. fxe5 Re8 $17) 17... Qxh4 {[%tqu "En","White is going to
lose the knight, isn't he?","","","d1d2","This trick keeps the Ng7 alive.",10]}
18. Qd2 $1 {This trick keeps the Ng7 alive.} Bxc3 19. bxc3 $1 {White has to
keep his queen on d2 for the manoeuvre Qd2-h6.} (19. Qxc3 $2 f6 {is bad for
White.}) 19... Qh7 (19... Rxg7 $2 20. Qh6 Qxh6 21. Bxh6 Ng6 22. f4 $16 {
followed by 23.Bxg7 and 24.f5 and White will be an exchange up.}) (19... f6 $5
20. Qf4 $3 {A very difficult move to find over the board.} (20. Qh6 Qxh6 21.
Bxh6 Nf7 {The point of 19...f6.} 22. Nf5+ {The only way to save a piece.} Nxh6
23. Rxg8+ Nxg8 24. Nd6 Bc8 25. Nxc8 Rxc8 26. Bxa6 Re8 27. f3 f5 28. Bd3 Nf6 $17
) 20... Qxf4 21. Bxf4 Nf7 22. Ne6+ dxe6 23. Rxg8+ Kxg8 24. dxe6 Ng5 25. Bxg5
fxg5 26. Rd1 Re8 27. Rd7 Bxe4 28. Bxa6 Rxe6 29. Rxa7 $11) 20. f4 (20. Qh6 $4
Rxg7 $19) 20... Rxg7 $2 (20... Nc4 $1 {I had to play this "desperado" move.}
21. Bxc4 Qxe4+ 22. Qe3 (22. Kf2 $2 Qxc4 $17) 22... Qxe3+ $1 (22... Qxb1 $2 23.
f5 $1 Rxg7 24. Rxg7 Qxf5 (24... Kxg7 25. f6+ $1 $18) (24... Re8 25. Rg8+ Kxg8
26. Qxe8+ Kg7 27. Qe5+ Kg8 28. Kd2 $18) 25. Rg5 Qh7 26. Qg3 Re8+ 27. Kd1 $40) (
22... Qxc4 23. Rb2 Qxd5 24. f5 $1 Qe4 25. Qxe4 Bxe4 26. f6 {[%cal Gc1f4,Gf4d6]
Black is two pawns up and has exchanged queens, but even in the endgame
White's attack is very strong.}) 23. Bxe3 Rxg7 24. Rh1 Ke7 {Black is safe,
White should look for equality.}) 21. Rxg7 Qxg7 22. fxe5 Re8 (22... Qxe5 23.
Qh6+ Kg8 24. c4 $18 {[%cal Gc1b2,Gb1b3,Gb3h3]}) (22... Qg1+ 23. Bf1 Qg3+ 24.
Kd1 {The king escapes and White is going to enjoy his free initiative.}) 23.
Qh6 Rxe5 (23... c4 24. Kf2 $1 Nc5 25. Qh4 $18 {[%cal Gc1h6]}) 24. Qxg7+ $4 {
In serious time trouble Vaisser exchanges queens which cane as a big relief
for me. If the queens remained on board, Black would be unlikely to able to
resist the attack on the dark squares.} (24. Qh4 $1 Qg1+ 25. Bf1 {was crushing.
Black is just defenceless against the forthcoming assault on the dark squares.
The difference between White's and Black's minor pieces is amazing!}) 24...
Kxg7 25. c4 Rxe4 26. Bb2+ {White is two pawns down, still, his pair of strong
bishops give him partial compensation.} Kf8 27. Kd2 Nc7 28. Rf1 (28. Rh1 Ne8 {
The knight arrives just in time to prevent Bb2-f6.} 29. Rh8+ Ke7 $17) 28... Ne8
29. Bd3 Rg4 30. Be5 b5 $6 {This is a natural move, especially in a time
scramble. However, it gives White some unnecessary chances.} (30... d6 31. Bf4
Bc8 {would have been a more solid way. Sooner or later Black's extra material
will tell.}) 31. Bf5 Rxc4 32. d6 $2 (32. Bxd7 Bxd5 33. Bxb5 Re4 34. Bb8 {
could probably still save the game. White's bishops are extremely active.})
32... Bc6 33. Bg6 Bd5 34. Bf5 Bc6 35. Bg6 f6 $1 36. Bf4 ({An attempt to get an
endgame with opposite coloured bishops would not save White:} 36. Bxe8 Kxe8 37.
Rxf6 Rg4 {Two connected passed pawns will decide the outcome slowly but surely.
}) 36... Rxf4 $1 {Finally eliminating the nasty bishop.} 37. Rxf4 Nxd6 {
[%mdl 64] Here my opponent lost on time in a hopeless position.} 0-1

[Event "VISA GP"]
[Site "Reykjavik"]
[Date "1998.03.10"]
[Round "1"]
[White "Sokolov, Ivan"]
[Black "Richardson, John R"]
[Result "1-0"]
[WhiteElo "2625"]
[BlackElo "2315"]
[Annotator "Psakhis,L"]
[PlyCount "89"]
[EventDate "1998.03.10"]
[EventType "swiss"]
[EventRounds "9"]
[EventCountry "ISL"]
[SourceTitle "CBM 064"]
[Source "ChessBase"]
[SourceDate "1998.06.02"]
[SourceVersion "1"]
[SourceVersionDate "1998.06.02"]
[SourceQuality "1"]

1. d4 Nf6 2. c4 e6 3. Nc3 Bb4 4. e3 c5 5. Nge2 cxd4 6. exd4 O-O 7. a3 Be7 8.
Nf4 {Favorite line in repertoire of georgian granmasters.White gets nice
position with chances for little, but long advantage.} (8. d5 $5) 8... d5 9.
cxd5 Nxd5 10. Ncxd5 exd5 11. Bd3 Bf6 12. O-O Nc6 {[%csl Rd4,Rd5]} 13. Be3 g6
14. Rc1 {[%cal Gc1c5]} Bg7 {Ussualy Black played 14...Qd6, but any case they
have no too many chances for active game.} (14... Qd6 15. Rc5 Be6 16. Nxe6 fxe6
(16... Qxe6 17. Bb1 Rad8 18. b4 Rfe8 19. Qd2 Rd7 20. Bc2 Rc8 21. f4 Re8 22. Bf2
Qd6 $11 {0-1 Kacheishvili,G-Bilalic,M/Wch B20 Medellin 1996 (45)}) 17. Qg4 (17.
Qa4 Nxd4 18. Bxd4 Qf4 19. Qd7 Bxd4 20. Qxe6+ Kh8 21. Rc2 Rad8 22. g3 Qf3 23.
Qe2 Rde8 $11 {1-0 Giorgadze,G-Gomez Esteban,J/Elgoibar 1997 (45)}) 17... Rad8
18. Rfc1 Rf7 19. h4 e5 20. h5 e4 21. Bb1 Qd7 22. Qd1 gxh5 23. Qxh5 Be7 24. R5c3
$14 {1/2-1/2 Giorgadze,G-Zelcic,R/EU-chTM 1997 (35)}) (14... Be6 15. Nxe6 fxe6
16. Qg4 Qe7 17. Rfe1 Qf7 18. Bb5 Rac8 19. Bxc6 Rxc6 20. Rxc6 bxc6 21. b4 Bg7
22. Rc1 $14 {1-0 Giorgadze,G-Yegiazarian,A/Erevan op 1996 (28)}) 15. Rc5 Ne7
16. Qb3 b6 17. Rc3 {[%cal Gf1c1,Gc3c7]} Bf5 (17... Qd6 $5 18. Rfc1 Bxd4 19.
Bxd4 Qxf4 20. Be3 Qd6 21. Rc7 d4 22. Bh6 Be6 23. Qa4 Rfd8 24. h3 $44 {1/2-1/2
Paramos,D-Nava,P/Spain-ch Matalascanas 1995 (48)}) 18. Ba6 {N/ White chances
are slightly better and after} (18. Bxf5 Nxf5 19. Nxd5 Nxd4 20. Bxd4 Bxd4 21.
Rd3 Bg7 22. Re1 Qh4 23. g3 Qh3 24. Re4 $14 {1-0 Paramos,R-Eslon,J/Ibercaja-A
1996 (30) but Sokolov pretends for more.}) 18... Qd6 19. Rfc1 Be6 {[%csl Rd4]
[%cal Ge7f5]} (19... Bxd4 20. Bxd4 Qxf4 21. Be3 Qh4 22. Rc7 $44) 20. Ne2 (20.
Rc7 $5 Nf5 21. R1c6 (21. Ne2 Nxe3 22. Qxe3 Rfe8 23. R1c6 Qd8 $13) 21... Nxd4 $1
22. Rxd6 Nxb3 23. Nxe6 fxe6 24. Rxe6 Rf7 25. Rxf7 Kxf7 26. Rd6 $14) 20... Nf5
21. Bf4 (21. Rc6 Qe7 22. Rc7 Qh4 $13) 21... Qe7 22. Rc7 $2 (22. Qd1 $5 Qh4 23.
Qd2 $14 {[%csl Ra7][%cal Gc3c7]}) 22... Qh4 {[%csl Rd4]} 23. g3 (23. Be5 Nxd4
$1 24. Nxd4 (24. Bxd4 Bxd4 25. g3 Qf6) 24... Bxe5 25. Nf3 Qf6 26. Nxe5 Qxe5 $17
) 23... Qg4 24. Qd3 (24. f3 Nxd4 $1 $17) (24. Be5 $5 Nxd4 25. Bxd4 Bxd4 26. h3
Qe4 27. Bd3 Qe5) 24... Nh4 $1 {[%csl Rf3][%cal Ge6f5,Gf5e4]} 25. Qd1 (25. R1c3
Bf5 26. Qd1 Be4 $19) 25... Rfe8 $6 {Richardson lost chance to crashed so
strong granmaster as Ivan Sokolov. He could easy win after} (25... Nf3+ $1 26.
Kg2 (26. Kh1 Qh3 (26... g5 $5) 27. g4 Bxg4 28. R1c3 g5 $1 29. Bg3 Nxd4 $19)
26... Qh3+ (26... Bxd4 $5 27. Nxd4 (27. Ng1 Nxg1 28. Qxd4 Nf3 $40) 27... Qh3+
28. Kxf3 Bg4+ 29. Ke3 Bxd1 30. Rxd1 Rfe8+ 31. Kd2 Qxh2 32. Be3 Rxe3 $1 33. Kxe3
Re8+ 34. Kd2 Qxf2+ 35. Ne2 $15) 27. Kxf3 Rfe8 28. Ke3 (28. Be5 Bh6 $1 $19 {
[%cal Re6g4]}) 28... Bc8+ $1 29. Be5 Bxa6 30. Nf4 Qf5 $19) 26. Nc3 $5 {Last
chance!} (26. R1c3 Nf3+ 27. Kh1 Qh5 28. h4 Nxd4 $1 $19) 26... Nf3+ {[%tqu "En",
"What White has to do now?","","","d1f3","",8]} 27. Qxf3 $1 {Great! Sokolov
found way to capture queen in the middle of the board.} (27. Kh1 $2 Qh5 28. h4
Bg4 29. Qd3 Bf5 30. Qf1 (30. Qd1 Re1+ 31. Qxe1 Nxe1 32. Rxe1 Qf3+ 33. Kg1 Bh3
34. Bf1 Bxd4 $19) 30... Nxh4 31. gxh4 Qf3+ $19) 27... Qxf3 28. Be2 Qxf4 (28...
Qxe2 29. Nxe2 Bg4 30. Nc3 Bxd4 31. Nxd5 Bxb2 32. R1c2 $44) 29. gxf4 Bh6 (29...
Bxd4 30. Bf3 Kg7 31. Rd1 Bxc3 32. Rxc3 Rac8 $15) 30. Bb5 (30. Bf3 Bxf4 31. Nxd5
$5 Bxd5 32. Bxd5 Bxc7 33. Bxa8 Bxh2+ 34. Kxh2 Rxa8 35. Rc7 $17) 30... Bxf4 (
30... Red8 31. Ne2 {[%cal Gb5c6]}) 31. Bxe8 Rxe8 32. Nd1 $5 Bxc1 33. Rxc1 {
Black won pawn, but it,s still not easy to win game, especially after knight
will come to e3.} Bg4 $1 34. Ne3 Bf3 35. Rc3 (35. Rc7 f5 $1 36. Rxa7 f4 37. Ng2
(37. Nf1 Re1 $19) 37... Re4 $19) 35... Kg7 $6 {Why not} (35... Re4 36. Rd3 f5
$19 {?}) 36. h3 (36. Nf5+ $5 gxf5 37. Rxf3 Kf6 $17) 36... Kf6 $2 (36... Re4 $5)
(36... h5 $5) 37. Kh2 Ke6 $2 (37... Be4 $1 38. Kg3 Ke6 $15) 38. Rc6+ $1 Ke7 (
38... Kd7 39. Rf6 Be4 40. Rxf7+ Re7 41. Rxe7+ Kxe7 42. Kg3 Ke6 43. Kf4 $14) 39.
Kg3 Be4 $2 (39... Kd7 $1 40. Rc3 Be4 41. f3 Bf5 42. Nxd5 Kd6 $11) 40. Rc7+ Kf6
$6 (40... Ke6 $5 41. Rxa7 Rc8 $14) 41. Rxa7 h5 42. Rb7 $18 Re6 43. f3 h4+ 44.
Kg2 Bf5 45. Rxb6 $1 1-0

[Event "RUS-Cup final"]
[Site "Samara"]
[Date "1998.08.31"]
[Round "3"]
[White "Volkov, Sergey"]
[Black "Yakovich, Yuri"]
[Result "0-1"]
[WhiteElo "2605"]
[BlackElo "2560"]
[Annotator "Psakhis,L"]
[PlyCount "68"]
[EventDate "1998.08.??"]
[EventType "tourn"]
[EventRounds "11"]
[EventCountry "RUS"]
[SourceTitle "CBM 067"]
[Source "ChessBase"]
[SourceDate "1998.11.30"]
[SourceVersion "2"]
[SourceVersionDate "1998.11.01"]
[SourceQuality "1"]

1. d4 Nf6 2. c4 e6 3. Nc3 Bb4 4. e3 c5 5. Nge2 cxd4 6. exd4 O-O 7. a3 Be7 8. d5
exd5 9. cxd5 Bc5 $5 {10-15 years ago 9... Re8 was more popular then move in
the text.} 10. Nd4 ({Deserves attention} 10. b4 $5 {with chances for an
advantage, for example:} Bb6 11. Na4 Re8 12. Nxb6 axb6 13. g3 d6 14. Bg2 Bg4
15. Be3 Nbd7 16. h3 Bf5 17. O-O Ne5 18. Nd4 Be4 19. Bxe4 Nxe4 20. Qc2 $14 {
1/2-1/2 Muir,A-Zelcic,R/EU t-ch Pula 1997 (89)}) 10... d6 11. Be2 Nbd7 12. O-O
Re8 13. Bg5 a6 {[%csl Ge8][%cal Yd7e5,Yc8d7,Ya8c8] It looks, that black solved
ol openings problems and hadn't even shadow of troubles.} 14. b4 (14. Nb3 Ba7
15. Nd2 h6 16. Bh4 Ne5 17. Nde4 g5 18. Nxf6+ Qxf6 19. Bg3 Bf5 20. Kh1 Ng6 $11 {
1/2-1/2 Sadler,M-Short,N/BCF-ch Torquay 1998 (71)}) 14... Ba7 $11 15. h3 {N/} (
15. Rc1 h6 16. Bh4 Nf8 17. h3 (17. Nb3 Ng6 18. Bg3 Ne7 $5 19. h3 Nf5 20. Bh2
Bd7 21. Na5 Rc8 $13 {0-1 Gligoric-Short,N/London BBC i 1980 (33)}) 17... Bd7
18. Bg3 Rc8 19. Bf3 Qb6 20. Nb3 Ng6 21. Na5 Ne5 $11 {1/2-1/2 Lautier,J-Anand,V/
Amber 1997 (36)}) 15... h6 16. Bh4 (16. Be3 $5 Ne5 17. Rc1 Bd7 $11) 16... Nf8 {
[%cal Gf8g6] Yakovich finished development and already now I prefer his
position.} 17. Qd3 Ng6 18. Bg3 Ne5 $1 {Avoiding trap:} (18... Nxd5 $2 19. Nxd5
Bxd4 20. Qxd4 Rxe2 21. Nb6 $16) 19. Qd2 Bd7 {[%cal Ga8c8,Ge5c4]} 20. Kh1 Rc8
21. Rac1 Nc4 (21... Qb6 $5) 22. Bxc4 Rxc4 23. Nb3 Bf5 $36 {[%csl Ga7,Gc4,Gf5]
^^} 24. Rfe1 Rxe1+ 25. Qxe1 $8 (25. Rxe1 Bxh3 $1 26. Na5 (26. gxh3 Qc8 27. Kg2
(27. Ne2 Qxh3+ 28. Kg1 Ne4 29. Qf4 Nxg3 30. Qxg3 Rg4 $19) 27... Rxc3 $19) 26...
Rd4 27. Qc2 Bc8 $17) 25... Nh5 26. Na5 (26. Bh2 Nf4 27. Bxf4 Rxf4 $17) 26...
Nxg3+ 27. fxg3 Rc7 $17 28. Ne2 Re7 $1 29. Qd1 Qb6 {[%cal Rb6f2,Re7e2] Black
dominates on all board, and Yakovich quickly finishing game to his favour.} 30.
Ng1 Qe3 {[%csl Ra3]} 31. g4 Be4 32. Nc4 Qg3 33. Qe2 (33. Qf1 Bd3 $1 34. Qf3
Qxf3 35. Nxf3 Rc7 $19) 33... Bxd5 34. Qf1 (34. Rc3 Bxg2+ 35. Qxg2 Qxc3) 34...
Rc7 0-1

[Event "St Petersburg-ch"]
[Site "St Petersburg"]
[Date "1997.03.11"]
[Round "6"]
[White "Shchukin, Dmitry"]
[Black "Kochyev, Alexander"]
[Result "1-0"]
[WhiteElo "2310"]
[BlackElo "2435"]
[Annotator "Psakhis,L"]
[PlyCount "65"]
[EventDate "1997.03.04"]
[EventType "swiss"]
[EventRounds "9"]
[EventCountry "RUS"]
[SourceTitle "CBM 058"]
[Source "ChessBase"]
[SourceDate "1997.06.01"]
[SourceVersion "1"]
[SourceVersionDate "1997.06.01"]
[SourceQuality "1"]

1. d4 Nf6 2. c4 e6 3. Nc3 Bb4 4. e3 b6 5. Nge2 c5 6. a3 Ba5 7. Rb1 Na6 8. f3
Bxc3+ $6 {N/ Kochyev gives up important bishop without any reason. Stronger
was to play} (8... O-O 9. d5 d6 10. e4 exd5 11. cxd5 Nh5 (11... b5 $5) 12. g4
Qh4+ 13. Kd2 Nf6 14. Qe1 Qxe1+ 15. Kxe1 Nd7 16. Kf2 $14 {1/2-1/2 Aleksandrov,
A-Romanishin,O/Nikolaev zt 1995 (82)}) ({or} 8... Bb7 $5 9. e4 $5 (9. Bd2 Qe7
10. Ng3 h5 $1 11. Bd3 Bxc3 12. Bxc3 h4 $13 {0-1 Mann,G-Borocz,I/HUN t-ch 1996 
(35)}) 9... O-O 10. d5 exd5 11. cxd5 Re8 12. g3 b5 $1 13. Bg2 b4 14. axb4 Nxb4
15. O-O Ba6 $132 {1/2-1/2 Shulman,Y-Nisipeanu,L/Yerevan olm 1996 (19)}) 9. Nxc3
Nh5 10. Qc2 O-O 11. g4 $1 Qh4+ $6 {Ending will be vey dangerous for Black.
Stronger was} (11... Nf6 {with complicated position.}) 12. Qf2 Qxf2+ 13. Kxf2
Nf6 14. dxc5 $1 bxc5 (14... Nxc5 15. b4 Nb7 16. g5 Ne8 17. h4 $16) 15. e4 {
[%csl Ra6,Rc5,Rd6]} Rd8 16. Be3 Bb7 17. Be2 (17. g5 $5 Nh5 (17... Ne8 18. b4)
18. Bh3 d5 19. cxd5 exd5 20. exd5 Bxd5 21. Bg4 g6 22. Nxd5 Rxd5 23. Rhd1 $16)
17... d6 $6 {Too passive.} (17... d5 $5 18. cxd5 exd5 19. exd5 Nxd5) 18. Rhd1
Rd7 19. b4 $16 {White getting more and more space.} cxb4 20. axb4 Nc7 21. g5
Nfe8 22. b5 f6 (22... Rdd8 23. Ra1 a5 24. b6 Na6 25. Rxa5 $18) 23. c5 $1 $18
Bc8 24. c6 Rf7 25. g6 $5 {25.h4 was not bad too, but White doesn't want to
lose time.} hxg6 26. Ra1 f5 27. exf5 gxf5 28. Bxa7 d5 29. Bc5 (29. b6 $18)
29... Rxa1 30. Rxa1 e5 31. b6 Ne6 32. Ra8 Nxc5 33. Rxc8 1-0

[Event "RUS-ch51"]
[Site "St Petersburg"]
[Date "1998.07.28"]
[Round "1"]
[White "Volkov, Sergey"]
[Black "Aseev, Konstantin N"]
[Result "1-0"]
[WhiteElo "2605"]
[BlackElo "2525"]
[Annotator "Psakhis,L"]
[PlyCount "91"]
[EventDate "1998.07.28"]
[EventType "swiss"]
[EventRounds "11"]
[EventCountry "RUS"]
[SourceTitle "CBM 067"]
[Source "ChessBase"]
[SourceDate "1998.11.30"]
[SourceVersion "2"]
[SourceVersionDate "1998.11.01"]
[SourceQuality "1"]

1. d4 Nf6 2. c4 e6 3. Nc3 Bb4 4. e3 c5 5. Nge2 cxd4 6. exd4 d5 7. c5 Ne4 8. Bd2
Bxc3 {Popular move in last years, black tried also} (8... Nc6 $5 9. Nxe4 dxe4
10. Bxb4 Nxb4 11. Qa4+ Nc6 12. Rd1 Qg5 13. Nc3 e3 14. f3 O-O $132 {1-0 Lugovoi,
A-Aseev,K/St.Petersburg-ch 1995 (56)}) ({or fashion of 80th} 8... Nxd2 9. Qxd2
a5 10. a3 Bxc3 11. Nxc3 a4 12. Bd3 Bd7 13. O-O O-O 14. Bc2 Bc6 15. Rfe1 Nd7 16.
Re3 Nf6 17. Rg3 Kh8 18. Re1 $36 {1-0 Watson,J-Smith,P/Hawaii op 1998 (35)}) 9.
Nxc3 Nc6 10. Nxe4 dxe4 11. Be3 (11. Bc3 Qg5 12. Qd2 Qxd2+ 13. Kxd2 O-O 14. g4
f5 15. gxf5 Rxf5 16. Re1 Bd7 17. Rxe4 Rxf2+ 18. Ke1 Raf8 19. Bc4 R2f4 {1/2-1/2
Isaev,D-Mithrakanth,P/Dubai Asian Cities 1996 (47)}) 11... O-O ({White easily
got an advantage after boring} 11... Qa5+ 12. Qd2 Qxd2+ 13. Kxd2 O-O 14. Bc4
Bd7 15. b4 $5 Rad8 16. b5 Ne7 17. Bf4 $16 {1-0 Sherbakov,R-Sahu,S/Calcutta op
1996 (28)}) 12. Qd2 {N/} (12. Bc4 Nb4 $1 {[%csl Gd5]} 13. O-O Nd5 14. Qd2 a5
15. f3 exf3 16. Rxf3 Bd7 17. Rg3 f6 18. Re1 Kh8 19. Bd3 Qc7 20. Rh3 f5 $11 {
0-1 Baragar-Ivanov,I/Montreal Z 1981 (58)}) 12... f5 (12... Ne7 $5 13. Bc4 (13.
Bf4 $5 {[%csl Gd6]}) 13... Nd5 $13) 13. O-O-O Ne7 14. f3 $1 (14. Bg5 $5 Qd7)
14... Bd7 {[%cal Gd7c6,Gc6d5]} (14... exf3 15. gxf3 Qd5 16. Kb1 Qxf3 (16... f4
17. Bf2 Qxf3 18. Rg1 $36) 17. Bg2 $44) 15. Bc4 Nd5 16. fxe4 fxe4 17. Rhe1 {
[%csl Re4] White very close to capture pawn on e4, Aseev trying to organized
active counterplay on the queen side.} Qe8 18. Bg1 Nf6 (18... Qg6 19. Qc2 Nf6
20. Qb3 $1 $36 {[%csl Rb7,Re6]}) 19. d5 $1 Bb5 (19... b5 20. Bb3 (20. dxe6 Bxe6
21. Bxe6+ Qxe6 22. Kb1 $13) 20... exd5 21. Bd4 $1 (21. Bxd5+ Nxd5 22. Qxd5+ Be6
23. Qxe4 Bxa2) 21... Rc8 22. Bxf6 Rxf6 23. Bxd5+ Be6 24. b4 $16) ({After} 19...
exd5 20. Bxd5+ Nxd5 21. Qxd5+ Be6 22. Qxb7 Bxa2 23. Bd4 Rf7 24. Qxe4 $36 {
white chances are clearly better.}) 20. Bxb5 Qxb5 21. d6 {[%csl Gd6]} b6 $1 {
Obligatory move,or black will lose without fight.} 22. cxb6 axb6 23. Kb1 Nd5 $2
({After} 23... Rfd8 $5 {it is not so easy ( if possible!) to prove white's
advantage.}) 24. Rxe4 Rf1 25. Ree1 $1 Qc4 26. a3 Rxa3 $5 (26... Rxe1 27. Qxe1)
27. Rxf1 $6 {In this moment Volkov, missed easy victory, white could win after}
(27. bxa3 Qb3+ 28. Kc1 $1 (28. Ka1 Nc3 $1 29. Qb2 Qxd1+ $1 $19) (28. Qb2 Nc3+
29. Kc1 Na2+ (29... Qxb2+ 30. Kxb2 Nxd1+ 31. Kc2 Rxe1 32. d7 Rxg1 33. d8=Q+ Kf7
34. Qd7+ Kf8 35. Qxe6 $18) 30. Qxa2 Qxa2 31. Rxf1 Qxa3+ 32. Kc2 Qa2+ 33. Kd3
$18) 28... Rf4 (28... Qxa3+ 29. Qb2 $18) (28... Rf8 29. d7) 29. Bd4 $18) 27...
Qe4+ $1 28. Qc2 Ra1+ 29. Kxa1 Qxc2 {[%csl Ra1] Situation on the board changed
compleatly, dangerous combina- tion of queen+strong knight on d5 secure black
from loosing game.} 30. Bd4 (30. d7 Qa4+ 31. Kb1 Qe4+ $5 32. Kc1 Qc4+ $11)
30... h5 $6 (30... Nb4 $5 31. Bc3 Qa4+ 32. Kb1 Qc2+ $11) 31. d7 Qa4+ 32. Kb1
Qxd7 33. Bxb6 e5 $2 {Serious mistake, after} (33... Qa4 $1 {black has nothing
to worry, for example} 34. Bd4 (34. Bc5 Nc3+ 35. bxc3 Qb3+ 36. Kc1 Qxc3+ 37.
Kb1 Qxc5 $15) 34... Nb4 (34... e5 $5) 35. Bc3 $11) 34. Bc5 Qc6 35. Rc1 Nf4 (
35... e4 $5) 36. Rc2 Nxg2 $4 (36... Qe4 $1 $13) 37. Rg1 Nf4 38. Rxg7+ $1 {
I am sure that Aseev just forgot about this move usial for him time troubles.}
Kh8 (38... Kxg7 39. Bf8+ $18) 39. Ra7 $18 Qh1+ (39... Qe4 40. Bd6 $1 {[%cal
Rd6e5]}) 40. Ka2 Qd5+ 41. b3 {[%cal Rc5a3,Ra3b2]} Qd3 42. Rc4 Qd2+ (42... Qf5
43. Ka3 Nd3 44. Be3 Qf8+ 45. b4 Qb8 46. h4 $18) 43. Ka3 Qd8 44. Be7 Qb8 45.
Rca4 Qb6 46. R4a6 (46. R4a6 Qg1 47. Bf6+ Kg8 48. Rg7+ Qxg7 49. Bxg7 Kxg7 50.
Kb2 $18) 1-0